Missing Word: '80s Sitcoms Quiz Stats

 Plays Quiz Updated Aug 23, 2017

Challenge
Share
Tweet
Embed
Score 0/18 Timer 02:00
0 Plays Today
1980’s Sitcom Missing Word % Correct
Saved by the ________Bell
97.7%
________... with ChildrenMarried
96.2%
The Facts of ________Life
95.9%
Mork & ________Mindy
93.6%
Full ________House
93.4%
The ________ YearsWonder
88.7%
Charles in ________Charge
86.3%
Family ________Matters/Ties
86.3%
Who's the ________?Boss
85.3%
1980’s Sitcom Missing Word % Correct
________ BrewsterPunky
78.9%
Joanie Loves ________Chachi
76.7%
________ StrangersPerfect
74.4%
________ CourtNight
73.7%
Designing ________Women
72.9%
________ NestEmpty
66.3%
Mama's ________Family
59.9%
My Two ________Dads
59.1%
Harper ________ P.T.A.Valley
57.3%

Today's Daily Dose

Missing Word
TV HA - HZ

Word Ladder
Nordic Capital

On This Day
January 19th II

You're not logged in!

Compare scores with friends on all Sporcle quizzes.
OR
Log In

You Might Also Like...

Show Comments

Extras

Top Quizzes Today


Score Distribution

Your Account Isn't Verified!

In order to create a playlist on Sporcle, you need to verify the email address you used during registration. Go to your Sporcle Settings to finish the process.

Report this User

Report this user for behavior that violates our Community Guidelines.

Details: